| 000 | 01097cam a2200313 a 4500 | ||
|---|---|---|---|
| 001 | 13400710 | ||
| 003 | OSt | ||
| 005 | 20140310182326.0 | ||
| 008 | 031112s2005 nyua b 000 0 eng | ||
| 010 | _a 2003024883 | ||
| 020 | _a1570820171 | ||
| 040 |
_aDLC _cDLC _dDLC |
||
| 042 | _alcac | ||
| 050 | 0 | 0 |
_aPZ 8 _b.D612 1994 |
| 082 | 0 | 0 |
_a398.2 _aE |
| 100 | 1 |
_aMcClintock, Barbara. _921285 |
|
| 245 | 1 | 0 |
_aCinderella / _cAdapted by Lisa Ann Marsoli. |
| 260 |
_aNew York : _bWalt Disney Company, _cc1994. |
||
| 300 |
_a95 p. : _bcol. ill. ; _c29 cm. |
||
| 520 | _aAlthough mistreated by her stepmother and stepsisters, Cinderella meets her prince with the help of her fairy godmother. | ||
| 541 | _j1 | ||
| 562 | _e1 | ||
| 650 | 1 |
_aFairy tales. _93114 |
|
| 700 | 1 |
_aPerrault, Charles, _d1628-1703. _tCendrillon. _921286 |
|
| 730 | 0 |
_aCinderella. _lEnglish. _921287 |
|
| 906 |
_a7 _bcbc _corignew _d1 _eecip _f20 _gy-gencatlg |
||
| 942 |
_2lcc _cBK-GS |
||
| 999 |
_c11904 _d11904 |
||